| 000 | 01724nam0a2200373 4500 | ||
|---|---|---|---|
| 001 | RU\NLR\bibl\1691127 | ||
| 005 | 20260607045715.0 | ||
| 010 |
_a978-5-9765-0797-5 _bФлинта |
||
| 010 |
_a978-5-02-034755-7 _91000 _bНаука |
||
| 021 |
_aRU _b2010-73647 _94884 |
||
| 035 | _a(NLR Aleph) 001682243 | ||
| 090 |
_a1108559 _c1108559 |
||
| 100 | _a20100928d2011 |||y0rusy50 ca | ||
| 101 | 0 | _arus | |
| 102 | _aRU | ||
| 105 | _aa ||||||||| | ||
| 200 | 1 |
_aРусский язык и культура речи _eучебное пособие _eдля студентов университетов по дисциплине "Русский язык и культура речи" _fЛ. С. Филиппова, В. А. Филиппов |
|
| 205 | _a2-е изд. | ||
| 210 |
_aМосква _cФлинта _cНаука _d2011 (т.е. 2010) |
||
| 215 |
_a271, [1] с. _cил. _d21 |
||
| 320 | _aБиблиогр.: с. 270-272 (38 назв.) и в тексте | ||
| 606 | 1 |
_aРусский язык _jУчебные издания для высших учебных заведений _xКультура речи _91542537 _3RU\NLR\auth\66973867 |
|
| 686 |
_aШ141.2-937.031 _2rubbk |
||
| 686 | _aШ141.12-923-72 | ||
| 700 | 1 |
_4070 _7ca _8rus _aФилиппова _bЛ. С. _cфилолог _gЛюдмила Семеновна _98639 _3RU\NLR\auth\7725592 |
|
| 701 | 1 |
_4070 _7ca _8rus _aФилиппов _bВ. А. _cсоциолог _gВадим Анатольевич _98636 _3RU\NLR\auth\7725589 |
|
| 801 | 0 |
_aRU _bРГБ _c20100928 _grcr |
|
| 801 | 1 |
_aRU _bРГБ _c20100928 |
|
| 801 | 2 |
_aRU _bNLR _c20101027 _grcr |
|
| 830 | _aавт. по кн. | ||
| 942 | _cBOOK | ||
| 980 | _aNB | ||
| 980 | _aNBR | ||